| 000 | 01276cam a22003254a 4500 | ||
|---|---|---|---|
| 001 | 12102391 | ||
| 005 | 20020116075412.0 | ||
| 008 | 000711s2000 paua b 101 0 eng | ||
| 010 | _a 00059356 | ||
| 020 | _a9780080548098 | ||
| 040 |
_aDLC _cDLC _dDLC |
||
| 042 | _apcc | ||
| 050 | 0 | 0 |
_aTA664 _b.C6375 2001 |
| 082 | 0 | 0 |
_a620.118 _221 _bCOM |
| 245 | 0 | 0 |
_aComposite structures : _bSfety Management/ _cB.F. Backman, editor. |
| 260 |
_aAmestrdam : _bElsvier, _cc2008. |
||
| 300 |
_axii, 294 p. : _bill. ; _c24 cm. |
||
| 490 | 1 |
_aSTP ; _v1383 |
|
| 500 | _aIncludes Index. | ||
| 504 | _aIncludes bibliographical references and indexes. | ||
| 650 | 0 |
_aComposite construction. _94619 |
|
| 650 | 0 |
_aStructural analysis (Engineering) _94620 |
|
| 650 | 0 |
_aFibrous composites. _94621 |
|
| 650 | 0 |
_aLaminated materials. _94622 |
|
| 700 | 1 |
_aGrant, Peter, _d1942- _94623 |
|
| 700 | 1 |
_aRousseau, Carl Q., _d1962- _94624 |
|
| 942 |
_2ddc _cBB |
||
| 999 |
_c11504 _d11504 |
||